| 000 | 00505nam a22001697a 4500 | ||
|---|---|---|---|
| 005 | 20251108164325.0 | ||
| 008 | 250721s1983 xx 000 0 ara d | ||
| 082 | 1 | 4 | _a920.72/برا |
| 100 | 1 | _aكونستنزا، دومينيكا دي | |
| 245 | 1 | 0 | _aمأساة ايفا براون / |
| 264 | 1 |
_aبيروت : _bمؤسسة عز الدين للطباعة، _c1983. |
|
| 300 | _a208 ص | ||
| 650 | 1 | 7 | _aالتراجم |
| 700 | 1 |
_aشيخاني، سمير _eترجمة |
|
| 942 |
_2ddc _cBK |
||
| 999 |
_c9334 _d9334 |
||